00987naa a22002417a 4500001001000000003000900010005001700019007000300036008003400039040005400073041000900127072001400136100001600150100001700166111009100183245008600274500013500360773011900495650001100614650002300625650002200648490007500670BR8707420BR-BrBNA20250721154531.0ta250630b bl.|||m| |||| 00| 0 por d aBR-BrBNAbporcBiblioteca Nacional de Agricultura a(En) aF30b02101 aDodds, J.H.1 aJaymes, J.M.1 a1. Simposio Nacional de Cultura de Tecidos VegetaiscBrasilia, DF (Brazil)d1 Oct 19851 aTissue culture and genetic engineering complementary tools for potato improvement aAnais do 1. Simposio Nacional de Cultura de Tecidos Vegetais Brasilia, DF (Brasil): 1986. p. 83-87 [Summary (En)] (BR8707420-AMS) 0 tAnais do 1. Simposio Nacional de Cultura de Tecidos VegetaiswF30 BR8707420gBrasilia, DF (Brasil), 1986. p. 83-87 aBATATA aCRUZAMENTO VEGETAL aCULTURA DE TECIDO aDocumentos - Centro Nacional de Pesquisa de Hortalicas (Brazil)vno. 1